TV Mother and Daughter Quiz Stats

 Plays Quiz not verified by Sporcle

Challenge
Share
Tweet
Score 0/20 Timer 06:00
1 Play Today
% Correct
Gilmore Girls
89.5%
Mom
70%
Desperate Housewives
61.4%
American Horror Story: Coven
59%
The Sopranos
48.2%
Unbreakable Kimmy Schmidt
48%
Westworld
32.3%
Revenge
26.2%
V
24.4%
Victoria
24%
% Correct
Shades of Blue
22.9%
Agents of S.H.I.E.L.D.
22.1%
Lucifer
13.6%
Revolution
11.2%
Under the Dome
9.4%
Grimm
8.9%
Deadwood
7.3%
Torchwood
6.8%
Outlander
6.7%
Bosch
2.3%

You're not logged in!

Compare scores with friends on all Sporcle quizzes.
OR
Log In

You Might Also Like...

Show Comments

Extras

Top Quizzes Today


Score Distribution

Your Account Isn't Verified!

In order to create a playlist on Sporcle, you need to verify the email address you used during registration. Go to your Sporcle Settings to finish the process.

Report this User

Report this user for behavior that violates our Community Guidelines.

Details: